Tradition, values and sosio-economic development

Bibliographic Details
Main Author: Spengler, Joseph J
Other Authors: Braibanti, Ralph
Format: Book
Published: Durham : Duke University Press , 1961
Subjects:

MARC

LEADER 00000cam a2200000 7i4500
001 0000002430
005 20050503.0
040 |a INS 
090 0 0 |a HD82   |b S747 1961 
100 1 |a Spengler, Joseph J 
245 1 0 |a Tradition, values and sosio-economic development   |c Joseph J Spengler et. al 
260 |a Durham :   |b Duke University Press ,   |c 1961 
300 |a 305p. ;   |c 23 cm. 
650 0 0 |a Economic development   |x social aspects 
700 1 |a Braibanti, Ralph 
999 |a 0000000766   |b BOOK   |c Open Shelf   |e Default branch